000 00476nam a22001937a 4500
999 _c11636
_d11636
003 OSt
008 221231b ||||| |||| 00| 0 eng d
020 _a9788120348165
082 _a174.GOP
100 _aGOVINDARJAN,M
245 _aProfessional Ethics and Human Values
250 _aEd.1
260 _aNew Delhi
_bPHI
_c2022
300 _a132
650 _aProfessional Ethics and Human Values
700 _aNATARAJAN,S
700 _aSENTHIKUMAR,VS
942 _2ddc
_cREF